Religioner Judendom, Kristendom och Islam - Statistics

General Stats
  • This quiz has been taken 4 times
  • The average score is 18 of 37
Answer Stats
Hint Answer % Correct
Vem räknas som stamfader till det judiska folket? Abraham
100%
Vad heter den stad där Jesus föddes? Betlehem
75%
Vad heter kristendomens heliga bok? Bibeln
75%
Vilken kristen handling markerar att man blir en del av kyrkan? Dop
75%
Vem är centralgestalten inom kristendomen? Jesus
75%
Vad heter islams heliga bok? Koranen
75%
Vad kallas maten som är tillåten enligt judisk lag? Kosher
75%
Vad heter kristendomens gudstjänstlokal? Kyrka
75%
Vad heter islams heliga stad? Mekka
75%
Vem tog emot de tio budorden på Sinai berget? Moses
75%
Vad kallas byggnaden där muslimer ber? Moské
75%
Vem grundade islam? Muhammed
75%
Vad kallas måltiden som påminner om Jesu sista måltid? Nattvard
75%
Vilken högtid firas till minne av Jesu död och uppståndelse? Påsk
75%
Vad kallas judarnas vilodag? Sabbat
75%
Vad heter judarnas gudstjänstlokal? Synagoga
75%
Vad heter ljusfesten till minne av templets återinvigning? Chanukka
50%
Vad kallas maten som är tillåten enligt islam? Halal
50%
Vilken dag firas Jesu återvändande till himlen? Kristi himmelsfärd
50%
Vem väntar judarna på som en frälsare? Messias
50%
Vad kallas tron på en enda gud? Monoteism
50%
Vem spred kristendomen till andra länder i Nya testamentet? Paulus
50%
Vad kallas läran om Fadern, Sonen och den helige Ande? Treenigheten
50%
Vad heter staden dit Muhammed flydde och där islam växte fram? Medina
25%
Vad heter tornet från vilket böneutropet sker? Minaret
25%
Vad heter högtiden som firar uttåget ur Egypten? Pesach
25%
Vilken högtid firar den helige Andes ankomst? Pingst
25%
Vad kallas en judisk religiös ledare eller lärare? Rabbin
25%
Vad kallas de heliga handlingarna inom kristendomen, t.ex. dop och nattvard? Sakrament
25%
Vad heter islams två största inriktningar? Sunni Shia
25%
Vad kallas judarnas heliga skrift? Torah
25%
Vad kallas islams viktigaste religiösa handlingar? De fem pelarna
0%
Vad kallas regeln 'Allt vad ni vill att människor ska göra er, det ska ni göra dem'? Den gyllene reglen
0%
Vad heter berättelsen om sonen som återvänder hem och blir förlåten? Liknelsen om den förlorade sonen
0%
Vad kallas den sjuarmade ljusstaken inom judendomen? Menora
0%
Vilka tre huvudriktningar finns inom judendomen? Ortodoxkonservativ reformjudendom
0%
Vad heter de regler Gud gav till Moses? Tio guds bud
0%
No matching quizzes found
Score Distribution
Percent of People with Each Score
Percentile by Number Answered
Your Score History
You have not taken this quiz